An introduction to applied cognitive psychology (Record no. 11267)

000 -LEADER
fixed length control field 00430 a2200169 4500
020 ## - INTERNATIONAL STANDARD BOOK NUMBER
International Standard Book Number 9781841693187
082 ## - DEWEY DECIMAL CLASSIFICATION NUMBER
Classification number 153
090 ## - LOCALLY ASSIGNED LC-TYPE CALL NUMBER (OCLC); LOCAL CALL NUMBER (RLIN)
-- 7464
-- 7464
100 ## - MAIN ENTRY--PERSONAL NAME
Personal name Esgate, Anthony
110 ## - MAIN ENTRY--CORPORATE NAME
Corporate name or jurisdiction name as entry element Groome, David
245 ## - TITLE STATEMENT
Title An introduction to applied cognitive psychology
Statement of responsibility, etc. Anthony Esgate
260 ## - PUBLICATION, DISTRIBUTION, ETC.
Place of publication, distribution, etc. New York
Name of publisher, distributor, etc. Psychology Press
Date of publication, distribution, etc. 2005
300 ## - PHYSICAL DESCRIPTION
Extent 327 p.
650 ## - SUBJECT ADDED ENTRY--TOPICAL TERM
Topical term or geographic name entry element Psychology
700 ## - ADDED ENTRY--PERSONAL NAME
Personal name Anthony Esgate
942 ## - ADDED ENTRY ELEMENTS (KOHA)
Koha item type Book
Call number prefix 153 ESG
Holdings
Withdrawn status Lost status Damaged status Not for loan Collection code Permanent Location Current Location Shelving location Date acquired Source of acquisition Cost, normal purchase price Total Checkouts Total Renewals Full call number Barcode Date last seen Price effective from Koha item type
          Central Library (CL) Central Library (CL) General Stacks 09/18/2012 Allied Book Company 661.20   1 153 ESG SEECS011574 04/01/2021 01/05/2017 Book
© 2023 Central Library, National University of Sciences and Technology. All Rights Reserved.